Fisico-química /

Guardado en:
Autor Principal: Miguel, Carlos R.
Otros Autores: Fernandez Serventi, Héctor
Formato: Libro
Publicado: Buenos Aires : El Ateneo, 1990
Materias:
Etiquetas: Agregar Etiqueta
Sin Etiquetas, Sea el primero en etiquetar este registro!
LEADER 00460nam a22001695a 4500
001 CEM.cems004413
005 20060216000000.0
008 130507s1990##################000#0#####d
003 CEMS
082 0 4 |a 541 
100 1 |a Miguel, Carlos R. 
245 1 0 |a Fisico-química / 
260 |a Buenos Aires :  |b El Ateneo,  |c 1990 
300 |a 222 p. 
653 |a Fisicoquímica 
700 1 |a Fernandez Serventi, Héctor 
859 |a CEMS  |b BIB. CEMS - 11 de abril  |h 541  |i M588  |p 16692.92  |t Ej.1